banner koha

Transplante renal heterotópico em uma cadela coker spaniel portadora de insuficiência renal crônica decorrente de afecção congênita (Registro n. 193057)

MARC details
000 -LÍDER
campo de controle de tamanho fixo 01165nas a2200361 4500
001 - NÚMERO DE CONTROLE
campo de controle BR0800500
003 - IDENTIFICADOR DO NÚMERO DE CONTROLE
campo de controle BR-BrBNA
005 - DATA E HORÁRIO DA ÚLTIMA TRANSAÇÃO
campo de controle 20231205111510.0
007 - CAMPO FIXO DE DESCRIÇÃO FÍSICA--INFORMAÇÃO GERAL
campo de controle de tamanho fixo ta
008 - CAMPO DE DADOS FIXOS--INFORMAÇÃO GERAL
campo de controle de tamanho fixo 230509b bl.|||p| |||| 00| 00por d
040 ## - FONTE DA CATALOGAÇÃO
Instituição da catalogação original BR-BrBNA
Idioma da catalogação por
Instituição que transcreveu o registro Biblioteca Nacional de Agricultura
041 ## - CÓDIGO DE IDIOMA
Código do idioma do texto/trilha sonora ou título diferente (Pt)
072 ## - CÓDIGO DE CATEGORIA DE ASSUNTO
Código de Categoria de Assunto L73; L70
100 1# - ENTRADA PRINCIPAL--NOME PESSOAL
Nome pessoal Rocha, G.L.S.
100 1# - ENTRADA PRINCIPAL--NOME PESSOAL
Nome pessoal Pippi, N.L.
100 1# - ENTRADA PRINCIPAL--NOME PESSOAL
Nome pessoal Richter, R.K.
100 1# - ENTRADA PRINCIPAL--NOME PESSOAL
Nome pessoal Serrato. S.A.A.
100 1# - ENTRADA PRINCIPAL--NOME PESSOAL
Nome pessoal Aguiar, E.S.V. de
100 1# - ENTRADA PRINCIPAL--NOME PESSOAL
Nome pessoal Bopp, S.
100 1# - ENTRADA PRINCIPAL--NOME PESSOAL
Nome pessoal Oliveira, A.N.C. de
100 1# - ENTRADA PRINCIPAL--NOME PESSOAL
Nome pessoal Dalmolin, F.
100 1# - ENTRADA PRINCIPAL--NOME PESSOAL
Nome pessoal Camargo, S.F. da S.
100 1# - ENTRADA PRINCIPAL--NOME PESSOAL
Nome pessoal Oliveira, A.L.L. de
100 1# - ENTRADA PRINCIPAL--NOME PESSOAL
Nome pessoal Jaeger, J.
100 1# - ENTRADA PRINCIPAL--NOME PESSOAL
Nome pessoal Dallabrida, A.L.
245 1# - TÍTULO
Título Transplante renal heterotópico em uma cadela coker spaniel portadora de insuficiência renal crônica decorrente de afecção congênita
650 ## - ASSUNTO--TERMO TÓPICO
Cabeçalho tópico ou nome geográfico CÃO
650 ## - ASSUNTO--TERMO TÓPICO
Cabeçalho tópico ou nome geográfico RIM
650 ## - ASSUNTO--TERMO TÓPICO
Cabeçalho tópico ou nome geográfico TRANSPLANTE
773 0# - ENTRADA ANALÍTICA
Título MEDVEP. Revista Científica de Medicina Veterinária. Pequenos Animais e Animais de Estimação (Brazil)
ISSN - International Standard Serial Number ISSN 1678-1430
Partes relacionadas (Jul-Sep 2003), v. 1(3) p. 163-169
Número de controle do registro BR0800500
909 ## -
-- 202311
-- Lúcia
-- 55
-- Lúcia Elande
942 ## - ELEMENTOS DE ENTRADA ADICIONADOS (KOHA)
Fonte da classificação ou esquema de arquivamento na estante Classificação AGRIS
Ocultar no OPAC Não
Tipo de material Koha Analítica
Exemplares
Situação do descarte Fonte da classificação ou esquema de arquivamento na estante Situação física Não pode ser emprestado Biblioteca de origem Biblioteca atual Localização na estante Enumeração do periódico / cronologia Total de empréstimos Data de último acesso Número do exemplar Tipo de material Koha Fonte de aquisição
  Classificação AGRIS   Consulta local Biblioteca Nacional de Agricultura - Binagri Biblioteca Nacional de Agricultura - Binagri   (Jul-Sep 2003), v. 1(3) p. 163-169   29/11/2023 01 Periódicos Portaria Interministerial nº 164/94

BINAGRI

Telefone: (61)3218-2567/2388/3357/2097 - binagri@agro.gov.br

Ministério da Agricultura e Pecuária , Esplanada dos Ministérios, Bloco D, Anexo B, Brasília/DF, CEP: 70.043-900